Keats and Shakespeare : (Record no. 22509)
[ view plain ]
| 000 -LEADER | |
|---|---|
| fixed length control field | 01150nam a2200301 i 4500 |
| 001 - CONTROL NUMBER | |
| control field | 22509 |
| 003 - CONTROL NUMBER IDENTIFIER | |
| rucl marc code | BD-RjUL |
| 005 - DATE AND TIME OF LATEST TRANSACTION | |
| control field | 20211209000820.0 |
| 008 - FIXED-LENGTH DATA ELEMENTS--GENERAL INFORMATION | |
| fixed length control field | 140308r19511925ctucf 000 0beng |
| 020 ## - INTERNATIONAL STANDARD BOOK NUMBER | |
| International Standard Book Number | 0313205817 |
| 035 ## - SYSTEM CONTROL NUMBER | |
| System control number | (BD-RjUL)22574 |
| 040 ## - CATALOGING SOURCE | |
| Original cataloging agency | DLC |
| Transcribing agency | DLC |
| Modifying agency | BD-RjUL |
| Language of cataloging | eng |
| 041 ## - LANGUAGE CODE | |
| Language code of text/sound track or separate title | eng |
| 082 00 - DEWEY DECIMAL CLASSIFICATION NUMBER | |
| Classification number | 821.7 |
| Author mark and year | MUK 1951 |
| 100 1# - MAIN ENTRY--PERSONAL NAME | |
| Personal name | Murry, John Middleton, |
| Dates associated with a name | 1889-1957. |
| Fuller form of name | John Middleton Murry. |
| 9 (RLIN) | 69509 |
| 245 10 - TITLE STATEMENT | |
| Title | Keats and Shakespeare : |
| Remainder of title | a study of Keats' poetic life from 1816 to 1820 / |
| Statement of responsibility, etc. | by John Middleton Murry. |
| 260 ## - PUBLICATION, DISTRIBUTION, ETC. (IMPRINT) | |
| Place of publication, distribution, etc. | Westport, Conn. : |
| Name of publisher, distributor, etc. | Greenwood Press, |
| Date of publication, distribution, etc. | 1951. |
| 300 ## - PHYSICAL DESCRIPTION | |
| Pagination | 248 p., [1] leaf of plates : |
| Illustrations | port. ; |
| Size | 23 cm. |
| 500 ## - GENERAL NOTE | |
| General note | Reprint of the ed. published by Oxford University Press, London, 1925. |
| 600 10 - SUBJECT ADDED ENTRY--PERSONAL NAME | |
| Personal name | Keats, John, |
| Dates associated with a name | 1795-1821 |
| General subdivision | Knowledge |
| -- | Literature. |
| Personal name | Shakespeare, William, |
| Dates associated with a name | 1564-1616 |
| General subdivision | Influence. |
| 650 #0 - SUBJECT ADDED ENTRY--TOPICAL TERM | |
| Topical term or geographic name as entry element | Poets, English |
| Chronological subdivision | 19th century |
| Form subdivision | Biography. |
| 9 (RLIN) | 55518 |
| Topical term or geographic name as entry element | Influence (Literary, artistic, etc.) |
| 9 (RLIN) | 69512 |
| 651 #0 - SUBJECT ADDED ENTRY--GEOGRAPHIC NAME | |
| Geographic name | England |
| General subdivision | Intellectual life |
| Chronological subdivision | 19th century. |
| 9 (RLIN) | 52303 |
| 942 ## - ADDED ENTRY ELEMENTS (KOHA) | |
| Source of classification or shelving scheme | Dewey Decimal Classification |
| Koha item type | Books |
| Lost status | Source of classification or shelving scheme | Damaged status | Not for loan | Collection code | Permanent Location | Current Location | Shelving location | Date acquired | Source of acquisition | Cost, normal purchase price | Total Checkouts | Full call number | Date last seen | Date checked out | Copy number | Koha item type |
|---|---|---|---|---|---|---|---|---|---|---|---|---|---|---|---|---|
| Dewey Decimal Classification | Non-fiction | Central Library, University of Rajshahi | Central Library, University of Rajshahi | 16/06/1955 | American Cultural Centre, Dhaka | 10.20 | 1 | 821.7 MUK 1951 | 14/03/2017 | 23/02/2017 | C-3 | Books | ||||
| Dewey Decimal Classification | Non-fiction | Central Library, University of Rajshahi | Central Library, University of Rajshahi | 20/01/1955 | O.U.P. Dacca | 10.20 | 821.7 MUK 1951 | 20/11/2016 | C-2 | Books | ||||||
| Dewey Decimal Classification | Not For Loan | Non-fiction | Central Library, University of Rajshahi | Central Library, University of Rajshahi | Reading Room | 12/08/1955 | O.U.P. | 9.00 | 821.7 MUK 1951 | 31/01/2017 | C-1 | Books | ||||
| Dewey Decimal Classification | Non-fiction | Central Library, University of Rajshahi | Central Library, University of Rajshahi | 15/03/2020 | 821.7 MUK 1951 | 15/03/2020 | C-4 | Books |